LIBRARY & INFORMATION CENTRE, KCAET, TAVANUR

ONLINE PUBLIC ACCESS CATALOGUE (OPAC)

Engineering hydrology (Record no. 17382)

MARC details
000 -LEADER
fixed length control field 00369nam a22001337a 4500
003 - CONTROL NUMBER IDENTIFIER
control field OSt
008 - FIXED-LENGTH DATA ELEMENTS--GENERAL INFORMATION
fixed length control field 210806b ||||| |||| 00| 0 eng d
020 ## - INTERNATIONAL STANDARD BOOK NUMBER
ISBN 9789352606207
082 ## - DEWEY DECIMAL CLASSIFICATION NUMBER
Classification number 551.48
Item number RAJ/EN
100 ## - MAIN ENTRY--AUTHOR NAME
Personal name Rajesh Srivastava
-- Ashu Jain
245 ## - TITLE STATEMENT
Title Engineering hydrology
260 ## - PUBLICATION, DISTRIBUTION, ETC. (IMPRINT)
Place of publication Chennai
Name of publisher McGraw Hill Eucation (India) Private Limited
Year of publication 2017
942 ## - ADDED ENTRY ELEMENTS (KOHA)
Koha item type Books
Holdings
Withdrawn status Lost status Damaged status Collection code Home library Current library Shelving location Date acquired Source of acquisition Cost, normal purchase price Full call number Accession Number Koha item type
      General Books KAUAET KAUAET Scheme 31/03/2021 M/S TBS Books Calicut 550.00 551.48 RAJ/EN BB 616 Book Bank scheme for SC students
      General Books KAUAET KAUAET Scheme 31/03/2021 M/S TBS Books Calicut 550.00 551.48 RAJ/EN BB 617 Book Bank scheme for SC students
free website counter